5HLuxD.jpg

KING HENRY VIII SENIOR AND PRIMARY SCHOOL LIBRARY OPAC

Dolphin boy / (Record no. 1533)

000 -LEADER
fixed length control field 01040nam a2200325 a 4500
001 - CONTROL NUMBER
control field 016941854
003 - CONTROL NUMBER IDENTIFIER
control field UkOxU
005 - DATE AND TIME OF LATEST TRANSACTION
control field 20230112080151.0
008 - FIXED-LENGTH DATA ELEMENTS--GENERAL INFORMATION
fixed length control field 050816r20052004enka a 000 1 eng
015 ## - NATIONAL BIBLIOGRAPHY NUMBER
National bibliography number GBA542464
Source bnb
020 ## - INTERNATIONAL STANDARD BOOK NUMBER
International Standard Book Number 1842704486 (pbk.) :
035 ## - SYSTEM CONTROL NUMBER
System control number (IeDuTC)IeDuTCb13959192
035 ## - SYSTEM CONTROL NUMBER
System control number (Uk)013200611
035 ## - SYSTEM CONTROL NUMBER
System control number (UkLCURL)99013200611
038 ## - RECORD CONTENT LICENSOR
Record content licensor Uk
040 ## - CATALOGING SOURCE
Original cataloging agency StDuBDS
Transcribing agency .
Modifying agency KH8
049 ## - LOCAL HOLDINGS (OCLC)
Local processing data b
Missing elements +
082 04 - DEWEY DECIMAL CLASSIFICATION NUMBER
Classification number 823.914 MOR
Edition number 22
100 1# - MAIN ENTRY--PERSONAL NAME
Personal name Morpurgo, Michael.
Relator term author
245 10 - TITLE STATEMENT
Title Dolphin boy /
Statement of responsibility, etc. Michael Morpurgo and Michael Foreman.
260 ## - PUBLICATION, DISTRIBUTION, ETC.
Place of publication, distribution, etc. London :
Name of publisher, distributor, etc. Andersen Press,
Date of publication, distribution, etc. 2005.
300 ## - PHYSICAL DESCRIPTION
Extent [32] p. :
Other physical details col. ill. ;
Dimensions 25 x 28 cm.
500 ## - GENERAL NOTE
General note Originally published: 2004.
500 ## - GENERAL NOTE
General note Formerly CIP.
Institution to which field applies Uk
650 #0 - SUBJECT ADDED ENTRY--TOPICAL TERM
Topical term or geographic name entry element Fishing villages
Geographic subdivision England
-- Cornwall
Form subdivision Pictorial works
-- Juvenile fiction.
650 #0 - SUBJECT ADDED ENTRY--TOPICAL TERM
Topical term or geographic name entry element Dolphins
Geographic subdivision England
-- Cornwall
Form subdivision Pictorial works
-- Juvenile fiction.
655 #0 - INDEX TERM--GENRE/FORM
Genre/form data or focus term Children's stories
Form subdivision Pictorial works.
700 1# - ADDED ENTRY--PERSONAL NAME
Personal name Foreman, Michael,
Dates associated with a name 1938-
Relator term author
942 ## - ADDED ENTRY ELEMENTS (KOHA)
Source of classification or shelving scheme
Koha item type Books - Non Ficton
Holdings
Withdrawn status Lost status Source of classification or shelving scheme Damaged status Not for loan Collection code Permanent Location Current Location Shelving location Date acquired Total Checkouts Total Renewals Full call number Barcode Date due Date last seen Date last checked out Price effective from Koha item type
          Non-Fiction KH8 Primary School Library KH8 Primary School Library Fiction 2023-01-12 23 1 823.914 MOR KHPL000003297 2026-04-20 2026-04-10 2026-04-10 2023-01-12 Books - Non Ficton

Powered By KH8 IT Dept